Principles of anatomy & physiology / (Record no. 125728)
[ view plain ]
| 000 -LEADER | |
|---|---|
| fixed length control field | 00689cam a2200229 a 4500 |
| 001 - CONTROL NUMBER | |
| control field | 16972312 |
| 005 - DATE AND TIME OF LATEST TRANSACTION | |
| control field | 20220308100518.0 |
| 008 - FIXED-LENGTH DATA ELEMENTS--GENERAL INFORMATION | |
| fixed length control field | 110922s2012 nyua 001 0 eng |
| 020 ## - INTERNATIONAL STANDARD BOOK NUMBER | |
| International Standard Book Number | 9780730314622 |
| 040 ## - CATALOGING SOURCE | |
| Transcribing agency | PK-LaUMT |
| 082 ## - DEWEY DECIMAL CLASSIFICATION NUMBER | |
| Classification number | 612 |
| Item number | TOR-P |
| 100 1# - MAIN ENTRY--PERSONAL NAME | |
| Personal name | Tortora, Gerard J. |
| 245 10 - TITLE STATEMENT | |
| Title | Principles of anatomy & physiology / |
| Statement of responsibility, etc | by Gerard J. Tortora and Bryan Derrickson |
| 250 ## - EDITION STATEMENT | |
| Edition statement | First Asia-Pacific edition (genuine ed.) |
| 260 ## - PUBLICATION, DISTRIBUTION, ETC. (IMPRINT) | |
| Place of publication, distribution, etc | Hoboken, NJ : |
| Name of publisher, distributor, etc | John Wiley, |
| Date of publication, distribution, etc | 2016 |
| 300 ## - PHYSICAL DESCRIPTION | |
| Extent | xxii, 817 p. |
| Other physical details | ill. (chiefly col.) ; |
| Dimensions | 29 cm. |
| 500 ## - GENERAL NOTE | |
| General note | Includes index. |
| 650 #0 - SUBJECT ADDED ENTRY--TOPICAL TERM | |
| Topical term or geographic name as entry element | Human physiology |
| 650 #0 - SUBJECT ADDED ENTRY--TOPICAL TERM | |
| Topical term or geographic name as entry element | Human anatomy |
| 700 1# - ADDED ENTRY--PERSONAL NAME | |
| Personal name | Derrickson, Bryan. |
| 942 ## - ADDED ENTRY ELEMENTS (KOHA) | |
| Koha item type | Books |
| Withdrawn status | Lost status | Damaged status | Home library | Current library | Date acquired | Full call number | Barcode | Date last seen | Price effective from | Koha item type | Copy number |
|---|---|---|---|---|---|---|---|---|---|---|---|
| UMT Health Sciences Campus | UMT Health Sciences Campus | 2022-03-08 | 612 TOR-P | 142023 | 2023-12-19 | 2022-03-08 | Books | ||||
| UMT Health Sciences Campus | UMT Health Sciences Campus | 2022-03-08 | 612 TOR-P | 142024 | 2026-06-28 | 2022-03-08 | Books | C.2 |
